| 000 | 00517nam a2200205Ia 4500 | ||
|---|---|---|---|
| 003 | St Aloysius Coll | ||
| 005 | 20260618153739.0 | ||
| 008 | 210423s2005 xx 000 0 und d | ||
| 020 | _a195674014 | ||
| 040 | _cAL | ||
| 041 | _aEnglish | ||
| 082 |
_a543.0858 _bBROM |
||
| 100 |
_aJohn M Brown _9265724 |
||
| 245 | _aMolecular spectroscopy | ||
| 260 |
_aNew Delhi _bOxford University Press _c2005 |
||
| 300 |
_a89,1 _bPB |
||
| 365 |
_b125 _cINR |
||
| 906 | _aMolecular ; spectroscopy | ||
| 942 |
_2ddc _cBK |
||
| 999 |
_c154096 _d154096 |
||